| 000 | 00583nam a22002417a 4500 | ||
|---|---|---|---|
| 003 | UA-OsUOA | ||
| 001 | 638 | ||
| 007 | ta | ||
| 008 | 20050622b un ||||| |||| 00| 0 ukr d | ||
| 100 | _aБейдик О.О. | ||
| 090 |
_a(038)91 _bБ41 |
||
| 942 | _cBK | ||
| 040 |
_aUA-OsUOA _bukr _cUA-OsUOA _dUA-OsUOA |
||
| 245 |
_aГеографія _bКороткий тлумачний словник |
||
| 300 | _a192 с. | ||
| 955 | _a2 | ||
| 041 | _aukr | ||
| 080 | _a(038)91 | ||
| 020 | _a966-06-0061-5 | ||
| 260 |
_aК. _bЛибідь _c2001 |
||
| 650 | 7 | _2UDC | |
| 999 |
_c286803 _d286803 |
||